Most Successful Formula 1 Drivers by Country (Top 5) - Statistics

General Stats
  • This quiz has been taken 1,338 times
    431 since last reset
  • The average score is 55 of 100
Answer Stats
Country Driver Active Years Merits % Correct
Brazil Ayrton Senna 1984-1994 3 championships, 41 wins
99%
Spain Fernando Alonso 2001, 2003-2018, 2021- 2 championships
95%
Netherlands Jos Verstappen 1994-1998, 2000-2001, 2003 2 podiums
95%
United Kingdom Lewis Hamilton 2007- 7 championships
95%
Netherlands Max Verstappen 2015- 4 championships
95%
Germany Michael Schumacher 1991-2006, 2010-2012 7 championships
95%
Austria Niki Lauda 1971-1979, 1982-1985 3 championships
95%
Germany Ralf Schumacher 1997-2007 6 wins
95%
Mexico Sergio Pérez 2011- 6 wins
95%
Australia Daniel Ricciardo 2011-2024 8 wins
94%
Argentina Juan Manuel Fangio 1950-1951, 1953-1958 5 championships
94%
Finland Kimi Räikkönen 2001-2009, 2012-2021 1 championship, 21 wins
94%
Germany Sebastian Vettel 2007-2022 4 championships
94%
France Alain Prost 1980-1991, 1993 4 championships
93%
Australia Oscar Piastri 2023- 2 wins
93%
Spain Carlos Sainz 2015- 4 wins
92%
Finland Keke Rosberg 1978-1986 1 championship, 5 wins
92%
Finland Mika Häkkinen 1991-2001 2 championships
92%
Germany Nico Rosberg 2006-2016 1 championship
92%
Australia Mark Webber 2002-2013 9 wins
91%
Finland Valtteri Bottas 2013-2024 10 wins
91%
Canada Lance Stroll 2017- 3 podiums
90%
Japan Yuki Tsunoda 2021- 87 points
89%
Canada Gilles Villeneuve 1977-1982 6 wins
87%
Canada Jacques Villeneuve 1996-2006 1 championship
87%
Brazil Nelson Piquet 1978-1991 3 championships, 23 wins
87%
Brazil Felipe Massa 2002, 2004-2017 11 wins, 41 podiums
86%
Brazil Rubens Barrichello 1993-2011 11 wins, 68 podiums
84%
Brazil Emerson Fittipaldi 1970-1980 2 championships
82%
United Kingdom Graham Hill 1958-1975 2 championships, 14 wins
81%
United Kingdom Nigel Mansell 1980-1992, 1994-1995 1 championship, 31 wins
81%
United States Phil Hill 1958-1964, 1966 1 championship, 3 wins
81%
Italy Alberto Ascari 1950-1955 2 championships
80%
Italy Giuseppe Farina 1950-1955 1 championship
80%
Australia Jack Brabham 1955-1970 3 championships
78%
United Kingdom Jackie Stewart 1965-1973 3 championships
78%
United States Mario Andretti 1963-1972, 1974-1982 1 championship, 12 wins
77%
United Kingdom Jim Clark 1960-1968 2 championships, 25 wins
76%
Canada Nicholas Latifi 2020-2022 9 points
75%
Australia Alan Jones 1975-1981, 1983, 1985-1986 1 championship
74%
South Africa Jody Scheckter 1972-1980 1 championship
74%
Austria Jochen Rindt 1964-1970 1 championship
72%
New Zealand Liam Lawson 2023- 6 points
72%
Belgium Jacky Ickx 1967-1979 8 wins
70%
New Zealand Denny Hulme 1965-1974 1 championship
69%
Austria Gerhard Berger 1984-1997 10 wins
69%
Finland Heikki Kovalainen 2007-2013 1 win
69%
Japan Kamui Kobayashi 2009-2012, 2014 1 podium, 133 points
67%
Argentina Carlos Reutemann 1972-1982 12 wins
63%
Italy Giancarlo Fisichella 1996-2009 3 wins
63%
New Zealand Bruce McLaren 1958-1970 4 wins
62%
Germany Heinz-Harald Frentzen 1994-2003 3 wins
60%
Sweden Ronnie Peterson 1970-1978 10 wins
58%
Japan Takuma Sato 2002-2008 1 podium, 137 points
57%
Italy Riccardo Patrese 1977-1993 6 wins
56%
France René Arnoux 1978-1989 7 wins
55%
Switzerland Clay Regazzoni 1970-1980 5 wins
53%
Spain Pedro de la Rosa 1999-2002, 2005-2006, 2010-2012 1 podium, 128 points
51%
Mexico Pedro Rodriguez 1963-1971 2 wins
50%
Mexico Ricardo Rodriguez 1961-1962 20 points
50%
Argentina José Froilán Gonzalez 1950-1957, 1960 2 wins
47%
Mexico Esteban Gutiérrez 2013-2014, 2016 6 points
46%
Italy Michele Alboreto 1981-1994 5 wins
45%
France Didier Pironi 1978-1982 3 wins
43%
France Jacques Laffite 1974-1986 6 wins
43%
Belgium Thierry Boutsen 1983-1993 3 wins
43%
Austria Alexander Wurz 1997-2000, 2005, 2007 3 podiums
40%
Japan Satoru Nakajima 1987-1991 155 points
37%
Japan Aguri Suzuki 1988-1995 1 podium, 88 points
33%
Sweden Stefan Johansson 1980, 1983-1991 12 podiums
30%
United States Dan Gurney 1959-1968, 1970 4 wins
29%
France Patrick Depailler 1972, 1974-1980 2 wins, 19 podiums
27%
Switzerland Jo Siffert 1962-1971 2 wins
26%
New Zealand Chris Amon 1963-1976 11 podiums
24%
Sweden Gunnar Nilsson 1976-1977 1 win, 4 podiums
24%
Sweden Jo Bonnier 1956-1971 1 win, 1 podium
23%
United States Peter Revson 1964, 1971-1974 2 wins, 8 podiums
22%
United States Bill Vukovich 1951-1955 2 wins, 2 podiums
18%
Mexico Héctor Rebaque 1977-1981 80 points
13%
Austria Karl Wendlinger 1991-1995 78 points
13%
Belgium Olivier Gendebien 1956, 1958-1961 2 podiums
10%
South Africa Tony Maggs 1961-1965 3 podiums
10%
Spain Alfonso de Portago 1956-1957 1 podium, 14.5 points
9%
Netherlands Carel Godin de Beaufort 1957-1964 57 points
9%
Belgium Lucien Bianchi 1959-1963,1965, 1968 1 podium, 33 points, 17 starts
9%
Switzerland Marc Surer 1979-1986 186 points
9%
Argentina Onofre Marimón 1951, 1953-1954 2 podiums
9%
Argentina Carlos Menditeguy 1953-1958, 1960 1 podium
8%
Belgium Paul Frere 1952-1956 1 podium, 43 points
8%
New Zealand Howden Ganley 1971-1974 84 points
6%
Sweden Reine Wisell 1970-1974 1 podium
6%
Switzerland Rudi Fischer 1951-1952 2 podiums
6%
Netherlands Gijs van Lennep 1971, 1973-1975 23 points
5%
Netherlands Huub Rothengatter 1984-1986 18 points
5%
South Africa Neville Lederle 1962, 1965 8 points
3%
Spain Paco Godia 1951, 1954,1956-1958 49 points
3%
South Africa Peter de Klerk 1963, 1965, 1969-1970 1 point, 4 starts
3%
Switzerland Toulo de Graffenried 1950-1954, 1956 90 points
3%
Canada Peter Broker 1963 6 points
1%
South Africa Bruce Johnstone 1962 2 points
0%
No matching quizzes found
Score Distribution
Percent of People with Each Score
Percentile by Number Answered
Your Score History
You have not taken this quiz since the last reset